| 000 | 00525cam a22002054a 4500 | ||
|---|---|---|---|
| 005 | 20250605164158.0 | ||
| 008 | 250528s ||||||||||||||||||||||||d | ||
| 035 | _a19673 | ||
| 020 | _a9604055275 | ||
| 040 |
_aGR-AtMCL _bgre _dGR-AtMCL _eAACR2 |
||
| 245 | 1 | _aΣΤΟΙΧΕΙΑ ΦΩΤΟΓΡΑΦΙΑΣ | |
| 250 | _a1 | ||
| 260 |
_bΊων, _c1994 |
||
| 300 | _a213 | ||
| 700 | 1 |
_aΒαττης Δημητρης _95879 |
|
| 700 | 1 |
_aΧατηρης Ιωαννης _95880 |
|
| 942 | _cBK | ||
| 999 |
_c4929 _d4929 |
||